000 00388pab a2200157 454500
008 180718b1999 xxu||||| |||| 00| 0 eng d
100 _aWaters, Mary C.
245 _aSociology and the study of immigration
260 _c1999
300 _ap.1264-267
362 _aJun-Jul
650 _aSociology
650 _aImmigration
773 _aAmerican Behavioral Scientist
909 _a41786
999 _c41786
_d41786